The physics of semiconductor devices / (Record no. 183830)

000 -LEADER
fixed length control field 01060 a2200253 4500
003 - CONTROL NUMBER IDENTIFIER
control field Nust
005 - DATE AND TIME OF LATEST TRANSACTION
control field 20221215104916.0
010 ## - LIBRARY OF CONGRESS CONTROL NUMBER
LC control number 86005325
020 ## - INTERNATIONAL STANDARD BOOK NUMBER
International Standard Book Number 0198518668 (pbk.) :
020 ## - INTERNATIONAL STANDARD BOOK NUMBER
International Standard Book Number 0198518676 (hard) :
040 ## - CATALOGING SOURCE
Transcribing agency Nust
082 00 - DEWEY DECIMAL CLASSIFICATION NUMBER
Classification number 537.622, FRA
100 1# - MAIN ENTRY--PERSONAL NAME
Personal name Fraser, D. A.
9 (RLIN) 104915
245 14 - TITLE STATEMENT
Title The physics of semiconductor devices /
Statement of responsibility, etc. D.A. Fraser.
250 ## - EDITION STATEMENT
Edition statement 4th ed.
260 ## - PUBLICATION, DISTRIBUTION, ETC.
Place of publication, distribution, etc. Oxford [Oxfordshire] :
Name of publisher, distributor, etc. Clarendon Press ;
Place of publication, distribution, etc. New York :
Name of publisher, distributor, etc. Oxford University Press,
Date of publication, distribution, etc. 1986.
300 ## - PHYSICAL DESCRIPTION
Extent x, 196 p. :
Other physical details ill. ;
Dimensions 22 cm.
440 #0 - SERIES STATEMENT/ADDED ENTRY--TITLE
Title Oxford physics series ;
Volume/sequential designation 16
9 (RLIN) 104916
505 ## - FORMATTED CONTENTS NOTE
Formatted contents note Electrons in Solids (Page-1), Bulk Effects (Page-34), P-N Junctions (Page-59), Junction Transistors and Thyristors (Page-93), Surfaces and Interfaces (Page-132), Integrated Circuits (Page-164).
650 #0 - SUBJECT ADDED ENTRY--TOPICAL TERM
Topical term or geographic name entry element Semiconductors.
9 (RLIN) 11016
856 42 - ELECTRONIC LOCATION AND ACCESS
Materials specified Publisher description
Uniform Resource Identifier <a href="http://www.loc.gov/catdir/enhancements/fy0636/86005325-d.html">http://www.loc.gov/catdir/enhancements/fy0636/86005325-d.html</a>
856 42 - ELECTRONIC LOCATION AND ACCESS
Materials specified Table of contents only
Uniform Resource Identifier <a href="http://www.loc.gov/catdir/enhancements/fy0636/86005325-t.html">http://www.loc.gov/catdir/enhancements/fy0636/86005325-t.html</a>
942 ## - ADDED ENTRY ELEMENTS (KOHA)
Source of classification or shelving scheme
Koha item type Book
Holdings
Withdrawn status Lost status Source of classification or shelving scheme Damaged status Not for loan Permanent Location Current Location Shelving location Date acquired Full call number Barcode Date last seen Price effective from Koha item type Public note
          Military College of Signals (MCS) Military College of Signals (MCS) General Stacks 12/12/2016 537.622,FRA MCS5105 12/08/2016 12/12/2016 Book Almirah No.16, Shelf No.5
          Military College of Signals (MCS) Military College of Signals (MCS) General Stacks 12/12/2016 537.622,FRA MCS5106 12/08/2016 12/12/2016 Book Almirah No.16, Shelf No.5
© 2023 Central Library, National University of Sciences and Technology. All Rights Reserved.